000 01032nam a22003017a 4500
001 7224
003 FISKH
005 20250812142525.0
008 250703b cb ||||| |||| 00| 0 eng d
020 _a9780545115070
040 _aFISKH
_beng
_cFISKH
_dFISKH
050 _aPZ7.B46626 C
082 _a370
100 _aBetancourt, Jeanne
_d(1941-)
245 _aPony mysteries :
_bThe clue in the clubhouse /
_cBy Jeanne Betancourt ; Illustrated by Kellee Riley
250 _aThis edition first published in 2011
260 _aNew York :
_bScholastic,
_c2011
300 _a40 pages :
_bcolor illustrations ;
_c23 cm
490 _aScholastic reader
_vLevel 3
505 _aL
520 _aPenny Ryder and her friends make their very own clubhouse. Then they solve their latest mystery with the help of Penny's pony, Pepper.
521 8 _a520
_bLexile
521 8 _aL
_bRaz-Plus
650 _2Horses
_aHorses and Ponies
650 _2School age
_aMystery
700 _aRiley, Kellee
_dillustrator
942 _2ddc
_cBK
_n0
999 _c7224
_d7224